LEADER 01002cam0 22002771 450 001 SOBE00084472 005 20250916081112.0 100 $a20250916d1966 |||||ita|0103 ba 101 $aita 102 $aIT 200 1 $a<>Luigi 16.$ftesto di Alvar Gonzalez Palacios 210 $aMilano$cFabbri$d1966 215 $a157 p.$cill.$d19 cm 225 2 $aÉlite$hLe arti e gli stili in ogni tempo e paese$v10 410 1$1001SOBE00084452$12001 $a*Élite. Le arti e gli stili in ogni tempo e paese$v10 500 10$a<>Luigi 16.$3SOBA00035534$94435342 700 1$aGonzález-Palacios$b, Alvar$3AF00010546$4070$0384460 801 0$aIT$bUNISOB$c20250916$gRICA 850 $aUNISOB 852 $aUNISOB$jFondo|Calì$m184256 912 $aSOBE00084472 940 $aM 102 Monografia moderna SBN 941 $aM 957 $aFondo|Calì$b001808$gSI$d184256$n20250610$hCali$rDono$tI$1rovito$2UNISOB$3UNISOB$420250916080840.0$520250916080945.0$6rovito 996 $aLuigi 16$94435342 997 $aUNISOB